|
|
|
|
| LEADER |
00000nab#a22000007a#4500 |
| 001 |
arbauad015687 |
| 003 |
AR-BaUAD |
| 005 |
20250711111443.0 |
| 008 |
951127|||||||||###||||||b###|0###a|spa|| |
| 040 |
|
|
|a AR-BaUAD
|c AR-BaUAD
|b spa
|
| 245 |
1 |
0 |
|a Congrexpo a Lille
|
| 300 |
0 |
|
|b cortes, fot., plantas, vistas
|
| 653 |
|
|
|a KOOLHAAS, REM
|
| 653 |
|
|
|a FRANCIA
|
| 653 |
|
|
|a LILLE
|
| 653 |
|
|
|a CONGREXPO DE LILLE
|
| 653 |
|
|
|a CENTROS DE EXPOSICIONES
|
| 653 |
|
|
|a EDIFICIOS PUBLICOS
|
| 653 |
|
|
|a EURALILLE
|
| 773 |
0 |
|
|t DOMUS
|g no. 774 [sep. 1995], p. 2-22
|
| 942 |
|
|
|c ARTI
|
| 952 |
|
|
|0 0
|1 0
|4 0
|7 0
|9 60607
|a AR-BAuAD
|b AR-BAuAD
|d 2025-07-11
|l 0
|p AAQA015687
|r 2025-07-11 11:14:43
|w 2025-07-11
|y ARTI
|
| 990 |
|
|
|a AQ199
|b TD
|
| 998 |
|
|
|a AAQ
|b BIBUN76
|
| 999 |
|
|
|c 40280
|d 40280
|